Quizzes
Events
Quiz Creation
Community
Videos
Private Events
Remove Ads
Sign In
Join for FREE
Feedback
Dark Mode
Quiz Categories
Sports
Geography
Music
Movies
Television
Just For Fun
Miscellaneous
History
Literature
Language
Science
Gaming
Entertainment
Religion
Holiday
For Kids
Quiz Lab
Recent
Popular Today
Quiz Kudos Today
Editor Picks
Curator Picks
Quizzes by...
Day
Popularity
Type
Ratings
Length
Year
Community
Subscriptions
Recent Discussions
Orange Saloon
Badges
Playlists
Quests
Create
Leaderboards
Showdown
Live 5
Trivia Bingo
Activity
Puzzle Library
Sporcle Events
Private Events
Virtual Trivia
Globe League
Become a Host
Pub Owners
SporcleCon
Opinionation
Our Games
Videos
Blog
Mobile Apps
Partnerships
Remove Ads and Go Orange
Feedback
Sports
Athletes
MLB
NBA
NHL
NFL
Soccer
Sports Teams
WWE
NCAA
Football
Premier League
Basketball
Baseball
Hockey
Golf
Tennis
Cricket
Rugby
Auto Racing
Olympics
World Cup
Sports
Athletes
MLB
NBA
NHL
NFL
Soccer
Sports Teams
WWE
NCAA
Football
Premier League
Basketball
Baseball
Hockey
Golf
Tennis
Cricket
Rugby
Auto Racing
Olympics
World Cup
Random Quiz
Search Sporcle
×
Quiz Lab
Quiz Lab
Sports
Starter
Type in answers that appear in a list
Type in answers that appear in a list
Classic
Best Score? Go Orange.
Every Starter Used by AL teams in 2010 Stats
Can you name the Every Starter Used by AL teams in 2010?
By
nushney
15m
129 Questions
176 Plays
176 Plays
176 Plays
Comments
Comments
Give Quiz Kudos
Give Quiz Kudos
-
- Ratings
hide this ad
Replay
Link that replays current quiz
Next Quiz
Link to next quiz in quiz playlist
You Got
0%
They Got
Avg Score
42%
Avg Friend Score
Upgrade to see
Score Distribution
Jump to the score distribution portion of the page
Score
0/129
Timer
15:00
0
Plays Today
Team
Pitcher
% Correct
New York Yankees
C.C. Sabathia
96.6%
New York Yankees
A.J. Burnett
93.2%
Chicago White Sox
Mark Buehrle
91.5%
Boston Red Sox
Josh Beckett
90.3%
Baltimore Orioles
David Hernandez
90.3%
Detroit Tigers
Justin Verlander
90.3%
Seattle Mariners
Felix Hernandez
90.3%
Kansas City Royals
Zack Greinke
89.8%
Texas Rangers
Cliff Lee
89.8%
Seattle Mariners
Cliff Lee
89.8%
Tampa Bay Rays
David Price
88.6%
New York Yankees
Phil Hughes
86.9%
New York Yankees
Andy Pettitte
86.4%
Boston Red Sox
Jon Lester
85.8%
Boston Red Sox
John Lackey
84.7%
Tampa Bay Rays
James Shields
84.1%
Los Angeles Angels of Anaheim
Scot Shields
83%
Tampa Bay Rays
Matt Garza
82.4%
Minnesota Twins
Francisco Liriano
81.3%
Boston Red Sox
Daisuke Matsuzaka
79.5%
Boston Red Sox
Tim Wakefield
77.3%
Boston Red Sox
Clay Buchholz
76.7%
New York Yankees
Javier Vazquez
72.7%
Baltimore Orioles
Kevin Millwood
72.2%
Los Angeles Angels of Anaheim
Ervin Santana
69.3%
Detroit Tigers
Jeremy Bonderman
68.8%
Cleveland Indians
Fausto Carmona
68.8%
Chicago White Sox
John Danks
67.6%
Los Angeles Angels of Anaheim
Jered Weaver
67.6%
Minnesota Twins
Carl Pavano
66.5%
Tampa Bay Rays
Wade Davis
65.3%
Chicago White Sox
Edwin Jackson
65.3%
Minnesota Twins
Scott Baker
64.2%
Texas Rangers
C.J. Wilson
64.2%
Chicago White Sox
Freddy Garcia
63.1%
Toronto Blue Jays
Shaun Marcum
62.5%
Kansas City Royals
Gil Meche
62.5%
Toronto Blue Jays
Ricky Romero
61.4%
Los Angeles Angels of Anaheim
Scott Kazmir
61.4%
Seattle Mariners
Ryan Rowland-Smith
61.4%
Oakland Athletics
Brett Anderson
60.2%
Cleveland Indians
Jake Westbrook
59.1%
Chicago White Sox
Gavin Floyd
57.4%
Team
Pitcher
% Correct
Oakland Athletics
Dallas Braden
57.4%
Baltimore Orioles
Jeremy Guthrie
56.3%
Baltimore Orioles
Brian Matusz
56.3%
Oakland Athletics
Gio Gonzalez
56.3%
Tampa Bay Rays
Jeff Niemann
54.5%
Minnesota Twins
Nick Blackburn
54.5%
New York Yankees
Ivan Nova
52.8%
Oakland Athletics
Trevor Cahill
52.3%
Los Angeles Angels of Anaheim
Dan Haren
51.1%
Minnesota Twins
Kevin Slowey
49.4%
Tampa Bay Rays
Jeremy Hellickson
48.9%
Los Angeles Angels of Anaheim
Joe Saunders
48.9%
Texas Rangers
Scott Feldman
47.7%
Detroit Tigers
Rick Porcello
45.5%
Texas Rangers
Colby Lewis
45.5%
Chicago White Sox
Jake Peavy
44.9%
Toronto Blue Jays
Brandon Morrow
44.3%
Kansas City Royals
Brian Bannister
44.3%
New York Yankees
Sergio Mitre
42%
Detroit Tigers
Armando Galarraga
42%
Oakland Athletics
Ben Sheets
42%
Tampa Bay Rays
Andy Sonnanstine
41.5%
Detroit Tigers
Max Scherzer
41.5%
Detroit Tigers
Dontrelle Willis
40.3%
Minnesota Twins
Brian Duensing
39.2%
Chicago White Sox
Daniel Hudson
39.2%
Kansas City Royals
Luke Hochevar
36.9%
Texas Rangers
Rich Harden
36.9%
Toronto Blue Jays
Brett Cecil
36.4%
Seattle Mariners
Doug Fister
36.4%
Kansas City Royals
Bruce Chen
34.1%
Cleveland Indians
Justin Masterson
32.4%
New York Yankees
Dustin Moseley
31.8%
Texas Rangers
Tommy Hunter
31.3%
Toronto Blue Jays
Kyle Drabek
27.8%
Baltimore Orioles
Chris Tillman
27.8%
Baltimore Orioles
Brad Bergesen
27.3%
Kansas City Royals
Kyle Davies
25.6%
Seattle Mariners
Jason Vargas
25%
Texas Rangers
Derek Holland
24.4%
Texas Rangers
Matt Harrison
24.4%
Baltimore Orioles
Jake Arrieta
22.7%
Cleveland Indians
David Huff
22.7%
Team
Pitcher
% Correct
Los Angeles Angels of Anaheim
Joel Pineiro
22.7%
Toronto Blue Jays
Shawn Hill
22.2%
Oakland Athletics
Vin Mazzaro
20.5%
Baltimore Orioles
Mark Hendrickson
19.9%
Toronto Blue Jays
Marc Rzepczynski
19.3%
Detroit Tigers
Brad Thomas
19.3%
Cleveland Indians
Mitch Talbot
18.8%
Cleveland Indians
Aaron Laffey
18.2%
Minnesota Twins
Glen Perkins
17.6%
Cleveland Indians
Carlos Carrasco
17%
Seattle Mariners
Luke French
16.5%
Toronto Blue Jays
Jesse Litsch
15.9%
Oakland Athletics
Justin Duchscherer
15.9%
Seattle Mariners
David Pauley
15.3%
Boston Red Sox
Felix Doubront
14.2%
Toronto Blue Jays
Brian Tallet
13.6%
Seattle Mariners
Ian Snell
13.6%
Chicago White Sox
Tony Pena
12.5%
Detroit Tigers
Andrew Oliver
12.5%
Cleveland Indians
Jeanmar Gomez
12.5%
Los Angeles Angels of Anaheim
Matt Palmer
12.5%
Minnesota Twins
Matt Fox
11.9%
Kansas City Royals
Sean O'Sullivan
10.8%
Los Angeles Angels of Anaheim
Sean O'Sullivan
10.8%
Toronto Blue Jays
Dana Eveland
10.2%
Kansas City Royals
Bryan Bullington
10.2%
Los Angeles Angels of Anaheim
Trevor Bell
10.2%
Cleveland Indians
Josh Tomlin
9.7%
Boston Red Sox
Scott Atchison
9.1%
Texas Rangers
Dustin Nippert
8.5%
Toronto Blue Jays
Brad Mills
8%
Baltimore Orioles
Rich Vanden Hurk
8%
Detroit Tigers
Eddie Bonine
8%
Minnesota Twins
Jeff Manship
6.8%
Detroit Tigers
Alfredo Figaro
6.8%
Kansas City Royals
Philip Humber
6.3%
Kansas City Royals
Anthony Lerew
4.5%
Oakland Athletics
Tyson Ross
4.5%
Chicago White Sox
Lucas Harrell
3.4%
Chicago White Sox
Carlos Torres
3.4%
Texas Rangers
Omar Beltre
3.4%
Oakland Athletics
Clayton Mortenson
2.3%
Oakland Athletics
Bobby Cramer
1.7%
Quiz Playlist
Details
Report
Send in Message
Add To Playlist
Classic:
Type in answers that appear in a list
Quiz Source
Last Updated: Feb 16, 2017
Quiz Scoreboard
CHALLENGE
Sign Up to Join the Scoreboard
Show All
Scores
Hide
Comments
May contain spoilers
Recently Published
Presidents Visiting Landmarks
by Hejman
History
7m
An Introduction to Baseball
by treessimontrees
Sports
5m
Movies - When Are They Set?
by FPL_Elf
Movies
5m
More to Explore
Quiz From the Vault
Featured Blog Post
Where Did the Easter Bunny Come From?
hide this ad
You Might Also Like...
Tags
2010
Pitchers
start
Starter
team
Today's Top Quizzes in Sports
Browse Sports
hide this ad
Today's Top Quizzes in Starter
Browse Starter
Top Contributed Quizzes in Sports
1
Les meilleurs buteurs des matchs entre le PSG et l’OM
2
2022 World Cup Stars
3
FIFA Club World Cup Champions
4
Les entraîneurs de l'OM et du PSG au 21e siècle
5
Name the Premier League winners with different clubs
6
5-to-1: UK Sports Teams
7
La finale Lions - Afrique du Sud 2021
8
Criteria MLB: Left Handed Sluggers
9
AFC Teams Reveal (Wrong Answers Minefield)
10
England Test cricketers to play under Nasser Hussain
Explore More
Trending Topics
NBA
Harry Potter
Crossword
Anime
Kpop
Marvel
Disney
Soccer
Pokémon
The Office
Song
NFL
Country
WWE
Puzzle
hide this ad
More By:
nushney
Quiz
Plays
Rating
Category
Featured
Created
2015 MLB Teams Most Common Lineups
9,868
3.80
Sports
Oct 26, 2015
1000 HR Teammates
9,617
4.63
Sports
Jun 13, 2011
WWE: Opponents of The Shield
9,199
3.89
Sports
Apr 11, 2013
2012 MLB Teams Most Common Lineups
8,824
4.57
Sports
Oct 20, 2012
Top 4 Most Populous Cities per State
8,507
3.85
Geography
Mar 22, 2010
Go to Creator's Profile
Score Distribution
Quiz Creator Spotlight
nushney
Follow
Send a Message
Quizzes Created
-
Created Quiz Play Count
-
More By This Creator
Popular Quizzes Today
1
Find the US States - No Outlines Minefield
2
Find the Countries of Europe - No Outlines Minefield
3
The Countries of the World
4
Find the US States
5
Popular People in 1961
6
US States
7
Risky Map Clicking: Biggest States A-Z
8
Movies - When Are They Set?
More Sports Quizzes
PWI Decade Awards
Quiz Lab
Trending Quizzes
Risky Map Clicking: Least Populous States A-Z
1-10 Letter G Words
1-10 Letter F Words
Risky Map Clicking: Next State Alphabetically
Risky Map Clicking: Biggest States A-Z
Recently Updated
Leaping Animals
pecheneg
Reality TV Shows (A-Z)
bhenderson79
Rickey Henderson's Hall of Fame Teammates
pecheneg
Champions League XIs: Arsenal
pecheneg
Quick Pick: Celebrities in WWE's Hall of Fame
aduchscher
A-Z Keypad Blitz II
pecheneg
Multiple Oscar Actors
pecheneg
Mystery Phrase Blitz: Oscar 'Best Actors'
pecheneg
F. Scott Fitzgerald Novels
LTH
Pick 3 Villains
ddd62291
Trending Topics
NBA
Crossword
Marvel
Anime
Kpop
Harry Potter
Disney
The Office
NFL
WWE
Song
Puzzle
Pokémon
Soccer
Country
Your Account Isn't Verified!
In order to create a playlist on Sporcle, you need to verify the email address you used during registration. Go to your
Sporcle Settings
to finish the process.
Report this User
Report this user for behavior that violates our
Community Guidelines
.
Details:
Send Report
Go to the Sporcle.com Mobile Site →
Comments